000 00356nam a2200157Ia 4500
008 221030s9999 xx 000 0 und d
020 _a0074600265
041 _aEnglish
082 _a105.23
_bBaw
100 _aH. S. Bawa
245 0 _aWorkshop Technology Vol. I
260 _bTMH
_aNew Delhi
_c1999
300 _a330
650 _aMechanical
942 _cBK
999 _c906
_d906